Detalles MARC
| 000 -CABECERA |
| campo de control de longitud fija |
02329cam a2200325 i 4500 |
| 001 - NÚMERO DE CONTROL |
| campo de control |
17216 |
| 003 - IDENTIFICADOR DEL NÚMERO DE CONTROL |
| campo de control |
DO-SdUEMH |
| 005 - FECHA Y HORA DE LA ÚLTIMA TRANSACCIÓN |
| campo de control |
20250906155053.0 |
| 007 - CAMPO FIJO DE DESCRIPCIÓN FÍSICA--INFORMACIÓN GENERAL |
| campo de control de longitud fija |
ta |
| 008 - DATOS DE LONGITUD FIJA--INFORMACIÓN GENERAL |
| campo de control de longitud fija |
211105s2016 spaa|||gr|||| 0|0 ||spa|d |
| 020 ## - NÚMERO INTERNACIONAL ESTÁNDAR DEL LIBRO |
| Número Internacional Estándar del Libro |
9789562203913 |
| 040 ## - FUENTE DE LA CATALOGACIÓN |
| Centro catalogador/agencia de origen |
DO-SdUEMH |
| Lengua de catalogación |
spa |
| Normas de descripción |
rda |
| 041 ## - CÓDIGO DE LENGUA |
| Código de lengua del texto/banda sonora o título independiente |
spa |
| 082 ## - NÚMERO DE LA CLASIFICACIÓN DECIMAL DEWEY |
| Número de clasificación |
616.071 C331S 2016 |
| Número de documento/Ítem |
C331s |
| Colección |
Colección Dominicana |
| 084 1# - OTRO NÚMERO DE CLASIFICACIÓN |
| Item number |
17-00126 |
| 100 ## - ENTRADA PRINCIPAL--NOMBRE DE PERSONA |
| Nombre de persona |
Carvajal Hafemann, Carlos |
| Término indicativo de función/relación |
autor |
| 245 10 - MENCIÓN DE TÍTULO |
| Título |
Semiología quirúrgica / |
| Mención de responsabilidad, etc. |
Carlos Carvajal Hafemann, Alberto Acebedo F. Rodrigo Anacona C., Ana María Arriagada U., Adolfo Barros R. [y otros 26] |
| 250 ## - MENCIÓN DE EDICIÓN |
| Mención de edición |
segunda edición |
| 260 ## - PUBLICACIÓN, DISTRIBUCIÓN, ETC. |
| Date of publication, distribution, etc. |
2016 |
| 264 #1 - PRODUCCIÓN, PUBLICACIÓN, DISTRIBUCIÓN, FABRICACIÓN Y COPYRIGHT |
| Lugar de producción, publicación, distribución, fabricación |
Santiago, Buenos Aires : |
| Nombre del de productor, editor, distribuidor, fabricante |
Andros impresores ; |
| 264 #4 - PRODUCCIÓN, PUBLICACIÓN, DISTRIBUCIÓN, FABRICACIÓN Y COPYRIGHT |
| Fecha de producción, publicación, distribución, fabricación o copyright |
©2016 |
| 300 ## - DESCRIPCIÓN FÍSICA |
| Extensión |
258 páginas : |
| Otras características físicas |
Ilustraciones ; |
| Dimensiones |
23 cm |
| 336 ## - TIPO DE CONTENIDO |
| Fuente |
rdacontent |
| Término de tipo de contenido |
texto |
| Código de tipo de contenido |
txt |
| 337 ## - TIPO DE MEDIO |
| Fuente |
rdamedia |
| Nombre del tipo de medio |
sin mediación |
| Código del tipo de medio |
n |
| 338 ## - TIPO DE SOPORTE |
| Fuente |
rdacarrier |
| Nombre del tipo de soporte |
volumen |
| Código del tipo de soporte |
nc |
| 504 ## - NOTA DE BIBLIOGRAFÍA, ETC. |
| Nota de bibliografía, etc. |
Bibliografías al final de cada capítulo |
| 505 #1 - NOTA DE CONTENIDO CON FORMATO |
| Nota de contenido con formato |
Capítulo 1. razonamiento clínico -- Capítulo 2. anamnesis, examen físico, antes antecedentes y estudios de imágenes -- Capítulo 2. cara -- Capítulo 4. cabeza y cuello -- Capítulo 5. mama -- Capítulo 6. esófago, estómago duodeno -- Capítulo 7. intestino: yeyuno-íleon y colon -- Capítulo 8. región anorrectal -- Capítulo 9. trauma urogenital -- Capítulo 10. hernias de la pared abdominal -- Capítulo 11. hígado -- Capítulo 12. ictericia obstructiva -- Capítulo 13. Bazo -- Capítulo 14. páncreas -- Capítulo 15. hemorragia digestiva alta -- Capítulo 16. obstrucción intestinal -- Capítulo 17. apendicitis aguda -- Capítulo 18. peritonitis -- Capítulo 19. abdomen agudo -- Capítulo 20. tórax -- Capítulo 21. sistema arterial -- Capítulo 22. sistema venoso y linfático -- Capítulo 23. sistema nervioso -- Capítulo 24. shock hipovolémico -- Capítulo 25. trauma -- Capítulo 26. trauma contuso cardíaco -- Capítulo 27. radiología simple del tubo digestivo -- Capítulo 28. imagenología en patología quirúrgica I: tórax y abdomen superior -- Capítulo 29. imagenología en patología quirúrgica II: tubo digestivo -- Capítulo 30. síntesis del proceso diagnóstico -- Capítulo 31. obesidad -- Capítulo 32. quemaduras -- Capítulo 33. cirugía y ética -- Capítulo 34. el paciente terminal |
| 942 ## - ELEMENTOS DE PUNTO DE ACCESO ADICIONAL (KOHA) |
| Fuente del sistema de clasificación o colocación |
Dewey Decimal Classification |
| Tipo de ítem Koha |
Libro |
| Suprimir en OPAC |
No |